| 000 | 00855nam a2200265Ia 4500 | ||
|---|---|---|---|
| 003 | OSt | ||
| 005 | 20220923212426.0 | ||
| 006 | a|||||r|||| 00| 0 | ||
| 007 | ta | ||
| 008 | tam | ||
| 024 | _a152,829 | ||
| 037 | _cTextual | ||
| 040 |
_aARTS _cARTS _btam |
||
| 041 |
_2tam _atam |
||
| 082 | _aO31,1C5, 152J9 | ||
| 100 | _aतिरूवल्लुवर; क्षेमानंद, अनु. | ||
| 245 | 0 | _aतमिल वेद | |
| 246 | _aTamil veda | ||
| 260 |
_aदिल्ली _b सत्साहित्य प्रकाशन _c1959 |
||
| 300 |
_a112 पृ0 _ccm. |
||
| 650 | _a तमिल साहित्य | ||
| 650 | _aतमिल कविता | ||
| 942 |
_hO31,1C5, 152J9 _cTEXL _2CC |
||
| 999 |
_c308478 _d308478 |
||